|
|
|
|
| LEADER |
01353nam a2200373 a 4500 |
| 001 |
33218 |
| 003 |
BD-DhAAL |
| 005 |
20180705103639.0 |
| 008 |
180705t2002 enk b 001 0 eng |
| 999 |
|
|
|c 39357
|d 39357
|
| 010 |
|
|
|a 2003267285
|
| 015 |
|
|
|a GBA2-Y3706
|
| 020 |
|
|
|a 0749437960
|
| 020 |
|
|
|a 9780749437961
|
| 035 |
|
|
|a (OCoLC)ocm49239734
|
| 040 |
|
|
|a UKM
|c UKM
|d TXA
|d OCLCQ
|d DLC
|d BD-DhAAL
|
| 042 |
|
|
|a lccopycat
|
| 043 |
|
|
|a e-uk---
|
| 050 |
0 |
0 |
|a LB2900.5
|b .S25 2002
|
| 082 |
0 |
4 |
|a 371.200941
|2 21
|
| 100 |
1 |
|
|a Sallis, Edward.
|9 26515
|
| 245 |
1 |
0 |
|a Total quality management in education /
|c Edward Sallis.
|
| 250 |
|
|
|a Third edition
|
| 260 |
|
|
|a London :
|b Kogan Page ;
|a Sterling, VA :
|b Stylus Pub.,
|c 2002.
|
| 300 |
|
|
|a viii, 168 pages ;
|c 24 cm.
|
| 500 |
|
|
|a Previous edition: 1996.
|
| 504 |
|
|
|a Includes bibliographical references (pages 161-165) and index.
|
| 526 |
|
|
|a IQAC
|
| 541 |
|
|
|a TRIM Education
|e 33218
|
| 650 |
|
0 |
|a School management and organization
|z Great Britain.
|9 26516
|
| 650 |
|
0 |
|a Total quality management in education
|z Great Britain.
|9 26517
|
| 852 |
|
|
|a Ayesha Abed Library
|c General Stacks
|
| 942 |
|
|
|2 ddc
|c BK
|
| 952 |
|
|
|0 0
|1 0
|2 ddc
|4 0
|6 371_200941000000000_SAL
|7 0
|9 63552
|a BRACUL
|b BRACUL
|c CIR
|d 2018-07-01
|e Trim Education
|g 3065.00
|l 0
|o 371.200941 SAL
|p 3010033218
|r 2018-07-01
|t 1
|v 3065.00
|w 2018-07-01
|y 1HOUR
|